LIBRARY & INFORMATION CENTRE, KCAET, TAVANUR

ONLINE PUBLIC ACCESS CATALOGUE (OPAC)

Farm Machinery and Equipment / (Record no. 58)

MARC details
000 -LEADER
fixed length control field 00455cam a2200181ua 4500
020 ## - INTERNATIONAL STANDARD BOOK NUMBER
ISBN 0-07-099574-5
082 ## - DEWEY DECIMAL CLASSIFICATION NUMBER
Classification number 631.3
Item number SMI/FA
100 ## - MAIN ENTRY--AUTHOR NAME
Personal name Smith, Harris Pearson .
245 ## - TITLE STATEMENT
Title Farm Machinery and Equipment /
250 ## - EDITION STATEMENT
Edition statement 6 /
260 ## - PUBLICATION, DISTRIBUTION, ETC. (IMPRINT)
Place of publication New Delhi :
Name of publisher Tata Mc-Graw Hill Publishing Company ,
Year of publication 1984.
300 ## - PHYSICAL DESCRIPTION
Number of Pages 481 ; .
500 ## - GENERAL NOTE
General note 18498 Scheme
700 1# - ADDED ENTRY--PERSONAL NAME
Personal name Wilkes, Lambert Henry M S .
942 ## - ADDED ENTRY ELEMENTS (KOHA)
Koha item type Books
003 - CONTROL NUMBER IDENTIFIER
control field @
003 - CONTROL NUMBER IDENTIFIER
control field OSt
Holdings
Withdrawn status Lost status Damaged status Home library Current library Shelving location Date acquired Full call number Accession Number Koha item type
      KAUAET     07/04/2012 631.3 18498 Books
      KAUAET KAUAET Binding Shelf 07/04/2012 631.3 19037 Books
      KAUAET KAUAET   07/04/2012 631.3 15911 Books
      KAUAET KAUAET   07/04/2012 631.3 14285 Books
      KAUAET KAUAET   07/04/2012 631.3 18879 Book Bank scheme for SC students
      KAUAET KAUAET Scheme 14/09/2018 631.3 SMI/FA 18878 Book Bank scheme for SC students
free website counter